Modern machining process
Guardat en:
| Format: | Llibre |
|---|---|
| Idioma: | anglès |
| Publicat: |
Ane Books Pvt.
2020
|
| Etiquetes: |
Afegir etiqueta
Sense etiquetes, Sigues el primer a etiquetar aquest registre!
|
MARC
| LEADER | 00000nam a22000007a 4500 | ||
|---|---|---|---|
| 008 | 211020b ||||| |||| 00| 0 eng d | ||
| 020 | |a 97893867618335 | ||
| 245 | |a Modern machining process |c edited by Anand Pandey |g 176p. | ||
| 250 | |c Pandey Anand | ||
| 260 | |b Ane Books Pvt. |c 2020 |h New Delhi |i 696992 |i 696993 |l TJ 1191 .M72 |m Metal - cutting |m Machining | ||
| 500 | |a It includes illustration | ||
| 942 | |a lcc |c BK |e Adeyeye Y. S. |f 20/10/21 | ||
| 952 | |0 0 |1 0 |2 lcc |4 0 |6 TJ1191 M72 |7 0 |9 3635 |a HOL |b HOL |c QZ |d 2021-10-20 |o TJ1191 .M72 |p 2021-67371 |r 2021-10-20 00:00:00 |t 696992 |w 2021-10-20 |y BK | ||
| 952 | |0 0 |1 0 |2 lcc |4 0 |6 TJ1191 M72 |7 0 |9 3636 |a HOL |b TL |c QZ |d 2021-10-20 |o TJ1191 .M72 |p 2021-67372 |r 2021-10-20 00:00:00 |t 696993 |w 2021-10-20 |y BK | ||
| 999 | |c 1802 |d 1802 | ||